书目信息 |
| 题名: |
川大史学
|
|
| 作者: | 霍巍 , 李映福 主编 | |
| 分册: | 第二辑 考古学卷 | |
| 出版信息: | 成都 四川大学出版社 2016 |
|
| 页数: | 608页 | |
| 开本: | 21cm | |
| 丛书名: | ||
| 单 册: | ||
| 中图分类: | K0-53 , K870.4 | |
| 科图分类: | ||
| 主题词: | 史学--shi xue--文集 , 考古学--kao gu xue--中国--文集 | |
| 电子资源: | ||
| ISBN: | 978-7-5614-9861-3 | |
| 000 | 01066nam0 22002771 450 | |
| 001 | 1752590969 | |
| 005 | 20170602161307.0 | |
| 010 | @a978-7-5614-9861-3@dCNY49.00 | |
| 100 | @a20161117d2016 em y0chiy50 ea | |
| 101 | 0 | @achi@aeng |
| 102 | @aCN@b510000 | |
| 105 | @aa z 000yy | |
| 106 | @ar | |
| 200 | 1 | @a川大史学@Achuan da shi xue@h第二辑@i考古学卷@f霍巍,李映福主编 |
| 210 | @a成都@c四川大学出版社@d2016 | |
| 215 | @a608页@c图@d21cm | |
| 304 | @a英文共同题名:Historical studies at Sichuan University collection II: 2006-2016 | |
| 330 | @a本书共收录22篇论文,包括《中国古代系绳石刀研究》《早期玉剑具研究》《汉代太一信仰的图像考古》《吐蕃系统金银器研究》《传教士与华西协和大学博物馆的创建》等,回顾了十年来四川大学考古学科的发展历程,展示了学科建设成就。 | |
| 606 | 0 | @a史学@Ashi xue@j文集 |
| 606 | 0 | @a考古学@Akao gu xue@y中国@j文集 |
| 690 | @aK0-53@v5 | |
| 690 | @aK870.4@v5 | |
| 701 | 0 | @a霍巍@Ahuo wei@f(1957~)@4主编 |
| 701 | 0 | @a李映福@Ali ying fu@c(考古学)@4主编 |
| 801 | 0 | @aCN@bTANG WEI@c20170601 |
| 905 | @b0971933-7@dK0-53@e120@f5 | |
| 川大史学.第二辑.考古学卷/霍巍,李映福主编.-成都:四川大学出版社,2016 |
| 608页:图;21cm |
| ISBN 978-7-5614-9861-3:CNY49.00 |
| 本书共收录22篇论文,包括《中国古代系绳石刀研究》《早期玉剑具研究》《汉代太一信仰的图像考古》《吐蕃系统金银器研究》《传教士与华西协和大学博物馆的创建》等,回顾了十年来四川大学考古学科的发展历程,展示了学科建设成就。 |
| ● |
| 相关链接 |
|
|
|
|
正题名:川大史学
索取号:K0-53/120
 
预约/预借
| 序号 | 登录号 | 条形码 | 馆藏地/架位号 | 状态 | 备注 |
| 1 | 0971933 | 209719330 | 第二样本阅览室/ [索取号:K0-53/120] | 在馆 | |
| 2 | 0971934 | 209719349 | 密集书库-史法系/ [索取号:K0-53/120] | 在馆 | |
| 3 | 0971935 | 209719358 | 第二借阅区/ [索取号:K0-53/120] | 在馆 | |
| 4 | 0971936 | 209719367 | 第二借阅区/ [索取号:K0-53/120] | 在馆 | |
| 5 | 0971937 | 209719376 | 第二借阅区/ [索取号:K0-53/120] | 在馆 |